All Pittsburgh Neighborhoods - Statistics

General Stats
  • This quiz has been taken 140 times
  • The average score is 30 of 90
Answer Stats
Neighborhood Pop. % Correct
Downtown 5,201
74%
Shadyside 13,915
68%
Strip District 616
68%
Mount Washington 8,799
62%
North Oakland 10,551
61%
South Oakland 8,663
58%
North Shore 303
56%
South Side Flats 5,726
56%
Bloomfield 8,442
55%
Polish Hill 1,274
55%
Squirrel Hill South 15,110
55%
Squirrel Hill North 11,363
53%
Highland Park 6,395
52%
West Oakland 2,458
52%
East Liberty 5,869
48%
Point Breeze 5,315
48%
Greenfield 7,294
47%
South Side Slopes 4,423
47%
Upper Lawrenceville 2,674
47%
Central Oakland 6,086
45%
Lower Lawrenceville 2,341
45%
Hazelwood 4,317
44%
Friendship 1,785
42%
West End 254
42%
Troy Hill 2,714
41%
Allentown 2,500
39%
Beechview 7,974
38%
Garfield 3,675
36%
Homewood North 3,235
36%
Manchester 2,130
36%
Perry South 4,145
36%
Regent Square 928
36%
The Bluff/Uptown 6,600
36%
Carrick 10,113
35%
Homewood South 2,339
35%
Middle Hill 1,707
35%
Morningside 3,346
35%
Perry North 4,050
35%
Upper Hill 2,054
35%
Brookline 13,214
33%
Central Lawrenceville 4,482
33%
Brighton Heights 7,247
32%
East Hills 3,169
32%
Mount Oliver 3,293
32%
Banksville 4,144
30%
Homewood West 819
30%
Larimer 1,728
30%
Chateau 11
29%
Duquesne Heights 2,425
29%
Fineview 1,285
29%
Arlington 1,869
27%
Hays 362
27%
Knoxville 3,747
27%
Marshall-Shadeland 6,043
27%
South Shore 19
27%
Swisshelm Park 1,361
27%
Elliott 2,381
26%
Stanton Heights 4,601
26%
Allegheny West 462
24%
East Allegheny 2,136
24%
Esplen 301
24%
Lincoln-Lemington-Belmar 4,883
24%
Sheraden 5,299
24%
Crawford-Roberts 2,261
23%
Fairywood 1,002
23%
Overbrook 3,644
23%
Point Breeze North 2,054
23%
Terrace Village 3,369
23%
Beltzhoover 1,925
21%
Bon Air 808
21%
California-Kirkbride 761
21%
Lincoln Place 3,227
21%
Windgap 1,369
21%
New Homestead 990
20%
Allegheny Center 933
18%
Crafton Heights 3,814
18%
East Carnegie 570
18%
Arlington Heights 244
17%
Spring Garden 884
17%
Spring Hill-City View 2,648
17%
Westwood 3,066
17%
Bedford Dwellings 1,202
15%
Central Northside 2,923
14%
Glen Hazel 716
14%
Ridgemont 483
11%
Summer Hill 1,051
11%
Northview Heights 1,214
9%
St. Clair 209
9%
Chartiers City 476
8%
Oakwood 1,027
8%
No matching quizzes found
Score Distribution
Percent of People with Each Score
Percentile by Number Answered
Your Score History
You have not taken this quiz